1743 1138 1673 1123 1420 1564 1479 1848 1088 1324 1089 1866 1916 1062 1049 1433 1405 1842 1047 1560 1502 1346 1384 1649 1300 1468 1189 1640 1513 1265 1184 1354 1269 1667 1161 1785 1350 1644 1324 1206 1266 1014 1007 1561 1357 1083 1525 1130 1633 1111 1022 1457 1025 1106 1394 1975 1987 1115 1644 1515 1503 1542 1035 1822 1470 1462 1829 1866 1020 1204 1284 1075 1168 1265 1867 1814 1379 1397 1028 1082 1150 1991 1464 1833 1827 1900 1216 1382 1165 1198 1428 1402 1367 1221 1016 1894 1849 1146 1739 BCNSPRNW ULIB Ver.6.0+V

เปลี่ยนเป็นภาษาไทย

Change to English
 แสดงรายละเอียดบรรณานุกรม
  กลับหน้าหลัก

Brief Record : Get Marc (ISO 2709) : E-mail record : QR code < ปิดหน้าต่าง
LEADER : 00000nam 2200000uu 4500
001    13399113449
003     ULIB
008    111117s2553||||th 000 0 tha d
020    ^a9789746452797(ล.3)
060  4 ^aWY150^bส627ก ล3
110 1  ^aมหาวิทยาลัยสุโขทัยธรรมาธิราช^bสาขาวิชาพยาบาลศาสตร์
245 00 ^aเอกสารการสอนชุดวิชา การพยาบาลผู้ใหญ่และผู้สูงอายุ หน่วยที่11-15=^bAdult and elderly nursing /^cบรรณาธิการ ศรีนวล สถิตวิทยานันท์
246 31 ^a Adult and elderly nursing
250    ^aพิมพ์ครั้งที่ 11
260    ^aนนทบุรี:^bศูนย์หนังสือมหาวิทยาลัยสุโขทัยธรรมาธิราช,^c2553
300    ^a582 หน้า
650  7 ^aการพยาบาลผู้สูงอายุ
650  7 ^aการพยาบาลผู้ใหญ่
700 0  ^aศรีนวล สถิตวิทยานันท์,^eบรรณาธิการ
710 2  ^aมหาวิทยาลัยสุโขทัยธรรมาธิราช^bสาขาวิชาพยาบาลศาสตร์
945    ^p245^l0^i030723
945    ^p245^l0^i030724
945    ^p245^l0^i030725
945    ^p245^l0^i030726
945    ^p245^l0^i030728
995    ^a เกษร
999    ^aใช้งานได้ทุกระบบ
รายการนี้ยังไม่มีแท็ก
คุณยังไม่ได้ล็อกอิน คุณสามารถมีกิจกรรมร่วมกับเว็บไซต์ได้ แต่ต้องล็อกอินก่อน ::
  ล็อกอิน

รายการสื่อสารสนเทศ

ลำดับที่ ประเภท เลขเรียก/บาร์โค้ด สถานที่ สถานะ
1. วิทยาศาสตร์การแพทย์ และสุขภาพ
หนังสือสำรอง
สถานะ=หนังสือสำรอง
WY150 ส627ก ล3 ฉ.1 
  Barcode: 030723
ห้องสมุดวิทยาเขตสวรรค์ประชารักษ์
►ส่วนจัดเก็บหนังสือเก่า สปร
บนชั้น
  ขอยืม
2. วิทยาศาสตร์การแพทย์ และสุขภาพ
วิทยาศาสตร์การแพทย์ และสุขภาพ
WY150 ส627ก ล3 ฉ.2 
  Barcode: 030724
ห้องสมุดวิทยาเขตสวรรค์ประชารักษ์
►ส่วนจัดเก็บหนังสือเก่า สปร
บนชั้น
  ขอยืม
3. วิทยาศาสตร์การแพทย์ และสุขภาพ
วิทยาศาสตร์การแพทย์ และสุขภาพ
WY150 ส627ก ล3 ฉ.5 
  Barcode: 030728
ห้องสมุดวิทยาเขตสวรรค์ประชารักษ์
►ส่วนจัดเก็บหนังสือเก่า สปร
บนชั้น
  ขอยืม

รายการใกล้เคียง
    หัวเรื่อง [การพยาบาลผู้สูงอายุ]
    หัวเรื่อง [การพยาบาลผู้ใหญ่]

BibComment


ยังไม่เคยถูกคอมเมนท์

คอมเมนท์ทรัพยากรรายการนี้
  คอมเมนท์: เอกสารการสอนชุดว..


 Copyright 2026. Bcnsprnw @Library